[Event "Bresso op 5th"]
[Site "Bresso"]
[Date "2006.06.18"]
[Round "5"]
[White "Bernago, Federico"]
[Black "Mannoni, Luigi"]
[Result "1-0"]
[WhiteElo "1990"]
[BlackElo "1649"]
[PlyCount "47"]
[EventDate "2006.06.15"]
[EventType "swiss"]
[EventRounds "6"]
[EventCountry "ITA"]
[SourceTitle "EXT 2024"]
[Source "ChessBase"]
[SourceDate "2023.10.10"]
[SourceVersion "1"]
[SourceVersionDate "2023.10.10"]
[SourceQuality "1"]

1. e4 e5 2. Nf3 Nc6 3. Bb5 a6 4. Ba4 Nf6 5. d4 b5 6. dxe5 bxa4 7. exf6 Qxf6 8. Nc3 Bb4 9. Bd2 0-0 10. 0-0 d6 11. Nd5 Qxb2 12. Rb1 Qxa2 13. Nxb4 Nxb4 14. Rxb4 c5 15. Qb1 Qe6 16. Rxa4 Bd7 17. Ra5 Qxe4 18. Re1 Qc6 19. c4 Be6 20. Qd3 Rfe8 21. Ng5 g6 22. Ne4 Bf5 23. Nf6+ Kf8 24. Bh6# 1-0

[Event "Bresso op 5th"]
[Site "Bresso"]
[Date "2006.06.17"]
[Round "3"]
[White "Mannoni, Luigi"]
[Black "Merlini, Luigi"]
[Result "0-1"]
[WhiteElo "1649"]
[BlackElo "1432"]
[PlyCount "65"]
[EventDate "2006.06.15"]
[EventType "swiss"]
[EventRounds "6"]
[EventCountry "ITA"]
[SourceTitle "EXT 2024"]
[Source "ChessBase"]
[SourceDate "2023.10.10"]
[SourceVersion "1"]
[SourceVersionDate "2023.10.10"]
[SourceQuality "1"]

1. e4 e5 2. Nf3 Nc6 3. Bb5 a6 4. Ba4 Nf6 5. 0-0 Be7 6. Re1 b5 7. Bb3 0-0 8. c3 d5 9. exd5 Nxd5 10. Nxe5 Nxe5 11. Rxe5 Nf6 12. Re1 Bd6 13. d4 Ng4 14. g3 Nxh2 15. Kxh2 Qh4+ 16. Kg1 Bxg3 17. fxg3 Qxg3+ 18. Kh1 Bg4 19. Qxg4 Qxg4 20. Re3 Rad8 21. Na3 Rd6 22. Re5 Qh3+ 23. Kg1 Rg6+ 24. Bg5 Rxg5+ 25. Rxg5 Qe3+ 26. Kf1 Qxg5 27. Re1 h5 28. Nb1 Rd8 29. Re5 Qc1+ 30. Re1 Qxb2 31. Kg1 Rd6 32. Kf1 Rf6+ 33. Kg1 0-1

[Event "Monza op"]
[Site "Monza"]
[Date "2006.03.26"]
[Round "5"]
[White "Mannoni, Luigi"]
[Black "Lamera, Giuseppe"]
[Result "1-0"]
[WhiteElo "1562"]
[BlackElo "1419"]
[PlyCount "89"]
[EventDate "2006.03.18"]
[EventType "swiss"]
[EventRounds "6"]
[EventCountry "ITA"]
[SourceTitle "EXT 2007"]
[Source "ChessBase"]
[SourceDate "2006.11.23"]
[SourceVersion "1"]
[SourceVersionDate "2006.11.23"]
[SourceQuality "1"]

1. e4 d6 2. Nf3 Bg4 3. Bc4 e6 4. d3 c6 5. 0-0 Nd7 6. d4 e5 7. d5 c5 8. Be3 Be7 9. Nbd2 h6 10. a3 Ngf6 11. b4 b6 12. Bb5 0-0 13. Bc6 Rb8 14. b5 Bh5 15. h3 Bg6 16. Re1 Nxe4 17. Nxe4 Bxe4 18. Bxh6 Bxf3 19. Qxf3 gxh6 20. Qg4+ Bg5 21. Bxd7 Qf6 22. h4 Qf4 23. hxg5 Qxg5 24. Re3 Kh8 25. Qxg5 hxg5 26. Bf5 Kg7 27. Rh3 Rh8 28. Re1 Rh6 29. Rxh6 Kxh6 30. g4 Rh8 31. Re4 Re8 32. c4 Re7 33. Re3 f6 34. Rh3+ Kg7 35. Rh7+ Kf8 36. Rh8+ Kg7 37. Rd8 e4 38. Rxd6 e3 39. Kf1 exf2 40. Kxf2 Rf7 41. Re6 Rb7 42. Rc6 Kf7 43. d6 Ke8 44. Rc7 Rb8 45. Rh7 1-0